Ser empresario (Registro nro. 169983)
[ vista simple ]
| 000 -LEADER | |
|---|---|
| fixed length control field | 01974nam a22002537a 4500 |
| 007 - PHYSICAL DESCRIPTION FIXED FIELD--GENERAL INFORMATION | |
| fixed length control field | cr|||| |||| |
| 008 - FIXED-LENGTH DATA ELEMENTS--GENERAL INFORMATION | |
| fixed length control field | 210519s2011 co |||||s|||| 00||0 spa d |
| 020 ## - INTERNATIONAL STANDARD BOOK NUMBER | |
| International Standard Book Number | 978-958-8675-51-0 |
| 035 ## - | |
| -- | 33463 |
| 040 ## - CATALOGING SOURCE | |
| Original cataloging agency | vLex |
| 090 ## - | |
| -- | 11747 |
| -- | 11747 |
| 100 1# - MAIN ENTRY--PERSONAL NAME | |
| Personal name | Zurita Espinoza, Pablo |
| 245 10 - TITLE STATEMENT | |
| Title | Ser empresario |
| Medium | [Recurso electrónico] : |
| Remainder of title | Nuevos modelos de conducta empresarial / |
| Statement of responsibility, etc | Pablo Zurita Espinoza |
| 256 ## - | |
| -- | Servicio en línea |
| 260 ## - PUBLICATION, DISTRIBUTION, ETC. (IMPRINT) | |
| Place of publication, distribution, etc | Bogotá: |
| Name of publisher, distributor, etc | Ediciones de la U, |
| Date of publication, distribution, etc | 2011 |
| 300 ## - PHYSICAL DESCRIPTION | |
| Extent | 1 recurso electrónico |
| 500 ## - GENERAL NOTE | |
| General note | Para el emprendedor: con este libro se pretende servir de ayuda, para que su proyecto tenga éxito, para que sea capaz de apaciguar su natural empuje y actúe con prudencia, para que encuentre el momento propicio. Sus buenas ideas valen oro, urge que las pueda convertir en realidad. Para el empresario: se pretende servir de ayuda para que cuestione la marcha de su negocio, para que evalúe qué se hace en su empresa y cómo se hace, para que valide cómo controla y cómo deben ser las relaciones con sus clientes, con sus trabajadores, con sus proveedores y con su competencia, nuevas ideas para enfrentar los retos que imponen los nuevos tiempos. Ser empresario es una iniciativa voluntaria que surge de la libertad individual, no se puede obligar a nadie a montar una empresa ni a mantenerla en activo, pero sí se debe exigir responsabilidad a quienes se lanzan a esta bonita aventura. |
| 506 1# - RESTRICTIONS ON ACCESS NOTE | |
| Terms governing access | Disponible solo en los productos indicados |
| Authorized users | vLex Global |
| -- | vLex Global (Academic Edition, excluding Law Schools) |
| -- | vLex Global (U.S. Academic Edition, Law Schools) |
| -- | vLex Global (U.S. Academic Edition, excluding Law Schools) |
| -- | vLex Global (Academic Edition, Law Schools) |
| 650 04 - SUBJECT ADDED ENTRY--TOPICAL TERM | |
| Topical term or geographic name as entry element | Administración (Management) |
| Geographic subdivision | Colombia |
| 740 0# - | |
| -- | vLex Libros (Servicio en línea) |
| 856 40 - LOCALIZACIÓN Y ACCESO ELECTRÓNICO | |
| Identificador Uniforme del Recurso (URI/URL) | https://vlex.com/source/ser-empresario-nuevos-modelos-de-conducta-empresarial-33463 |
| 942 ## - | |
| -- | RAA |
| 999 ## - | |
| -- | 169983 |
| -- | 169983 |
No hay ítems disponibles.